| 000 | 01089nam a22002897a 4500 | ||
|---|---|---|---|
| 005 | 2011060606146.0 | ||
| 008 | 110606t xxu||||| |||| 00| 0 eng d | ||
| 010 | _aENG-102548 | ||
| 020 |
_a9789350249130 _c320.00 |
||
| 035 | _aEN-86081 | ||
| 037 | _bDBAD/PUB | ||
| 040 |
_aDPL _bEng |
||
| 082 | _a658.1599 | ||
| 100 |
_928359 _aAgarwal, O. P. |
||
| 245 |
_aInternational financial management / _cby O. P. Agarwal |
||
| 250 | _a2nd rev. ed | ||
| 260 |
_aMumbai _bHimalaya Publishing House _c2011 |
||
| 270 |
_a"Ramdoot", Dr. Bhalerao Marg, Girgaon _bMumbai _e400004 _k022-23860170/23863863 |
||
| 300 |
_a426p. _c24 cm (pbk) |
||
| 500 | _aIncludes bibliographical references | ||
| 600 | _928449 | ||
| 650 | _928360 | ||
| 700 | _928362 | ||
| 942 |
_2ddc _cEN _mAGA _h658.1599 |
||
| 999 |
_c52746 _d52746 |
||